Religion and Social Theory (Record no. 12602)

MARC details
000 -LEADER
fixed length control field 00568nam a2200241 a 4500
020 ## - INTERNATIONAL STANDARD BOOK NUMBER
ISBN 0803985681
082 00 - DEWEY DECIMAL CLASSIFICATION NUMBER
Classification number 200
Author Cutter TUR
100 ## - MAIN ENTRY--AUTHOR NAME
Author name Turner, Bryan S
245 ## - TITLE STATEMENT
Title Religion and Social Theory
260 ## - PUBLICATION, DISTRIBUTION, ETC. (IMPRINT)
Place of publication Delhi
Name of publisher Sage Pub
Year of publication 1991
300 ## - PHYSICAL DESCRIPTION
Number of Pages 264p
500 ## - GENERAL NOTE
General note includes index and biblioraphy
505 2# - FORMATTED CONTENTS NOTE
Formatted contents note Index
650 ## - SUBJECT ADDED ENTRY--TOPICAL TERM
Topical Term Religion
942 ## - ADDED ENTRY ELEMENTS (KOHA)
Koha item type Books
700 1# -
-- Turner, Bryan S
Holdings
Collection code Home library Current library Date acquired Cost, normal purchase price Full call number Accession Number Koha item type
  Henry Martyn Institute Library Henry Martyn Institute Library 11/21/2012 140.00 200 TUR 016135 Books
                   Copyright © 2026 | Henry Martyn Institute | Hyderabad | TS-500052 | INDIA | Implemented by hmi.edu.in
Hit-Count:

Powered by Koha